[Event "Ruhrgebiet Verbandsliga Gruppe 2 1516"]
[Site "Germany"]
[Date "2015.11.29"]
[Round "4.3"]
[White "Voss, Hubertus"]
[Black "Schuetze, Andre"]
[Result "1/2-1/2"]
[WhiteElo "2106"]
[BlackElo "2112"]
[PlyCount "58"]
[EventDate "2015.09.06"]
[EventType "team-tourn"]
[EventRounds "9"]
[EventCountry "GER"]
[SourceTitle "EXT 2022"]
[Source "ChessBase"]
[SourceDate "2021.10.06"]
[SourceVersion "1"]
[SourceVersionDate "2021.10.06"]
[SourceQuality "1"]
[WhiteTeam "Hamm SV"]
[BlackTeam "Horst Emscher"]
[WhiteTeamCountry "GER"]
[BlackTeamCountry "GER"]

1. e4 c5 2. Nf3 Nc6 3. Bb5 g6 4. 0-0 Bg7 5. Bxc6 dxc6 6. d3 Nf6 7. Nc3 0-0 8. Be3 b6 9. h3 Re8 10. Qd2 e5 11. Bg5 Qe7 12. Nh2 Qf8 13. f4 exf4 14. Qxf4 Nh5 15. Qf3 Bd4+ 16. Be3 f5 17. Rae1 fxe4 18. Qxf8+ Rxf8 19. Rxf8+ Kxf8 20. Nxe4 Bf5 21. Bxd4 cxd4 22. Ng5 h6 23. Ne6+ Kf7 24. Nxd4 Bd7 25. Nhf3 c5 26. Ne5+ Ke7 27. Nxg6+ Kf6 28. Nf3 Bxh3 29. Nge5 Rg8 1/2-1/2

[Event "NRW Verbandsliga Group2 1314"]
[Site "Nordrheinwestfalen"]
[Date "2013.11.03"]
[Round "3.2"]
[White "Meyer, Juergen"]
[Black "Schuetze, Andre"]
[Result "0-1"]
[WhiteElo "1958"]
[BlackElo "2136"]
[PlyCount "44"]
[EventDate "2013.09.08"]
[EventType "team-tourn"]
[EventRounds "9"]
[EventCountry "GER"]
[SourceTitle "EXT 2020"]
[Source "ChessBase"]
[SourceDate "2019.10.17"]
[SourceVersion "1"]
[SourceVersionDate "2019.10.17"]
[SourceQuality "1"]
[WhiteTeam "Recklinghausen Laeufer Ost"]
[BlackTeam "Horst Emscher"]
[WhiteTeamCountry "GER"]
[BlackTeamCountry "GER"]

1. e4 c5 2. Nf3 d6 3. d4 cxd4 4. Nxd4 Nf6 5. Nc3 a6 6. Be2 e5 7. Nb3 Be7 8. 0-0 b5 9. a4 b4 10. Nd5 Bb7 11. Bc4 Nbd7 12. f3 Rc8 13. Nxe7 Qb6+ 14. Kh1 Kxe7 15. Qe2 Qc7 16. Bxa6 Bxa6 17. Qxa6 Qxc2 18. Na5 Nc5 19. Qa7+ Nfd7 20. Bg5+ f6 21. Rac1 Qxa4 22. b3 Qb5 0-1

[Event "Ruhrgebiet Regionalliga 1213"]
[Site "Nordrheinwestfalen"]
[Date "2013.02.10"]
[Round "6.1"]
[White "Dergatschova, Anna"]
[Black "Schuetze, Andre"]
[Result "0-1"]
[WhiteElo "2261"]
[BlackElo "2145"]
[PlyCount "144"]
[EventDate "2012.09.09"]
[EventType "team-tourn"]
[EventRounds "9"]
[EventCountry "GER"]
[SourceTitle "EXT 2020"]
[Source "ChessBase"]
[SourceDate "2019.10.17"]
[SourceVersion "1"]
[SourceVersionDate "2019.10.17"]
[SourceQuality "1"]
[WhiteTeam "Holsterhausen SK"]
[BlackTeam "Horst Emscher"]
[WhiteTeamCountry "GER"]
[BlackTeamCountry "GER"]

1. e4 c5 2. Nf3 Nc6 3. d4 cxd4 4. Nxd4 Nf6 5. Nc3 e5 6. Nf5 d5 7. exd5 Bxf5 8. dxc6 Qxd1+ 9. Nxd1 bxc6 10. Ne3 Be6 11. Ba6 Rb8 12. 0-0 Bd6 13. b3 0-0 14. Bb2 Bc7 15. Bc4 Nd5 16. Nd1 Bf5 17. Rc1 Nb4 18. Ne3 Be4 19. a3 Nd5 20. Rfe1 Nb6 21. Ba1 Bg6 22. Bd3 Rfd8 23. Nf5 Bxf5 24. Bxf5 f6 25. g3 Kf7 26. c4 Nc8 27. b4 Ne7 28. Bb1 g6 29. Re2 Rd7 30. Bc3 Rbd8 31. Bc2 Nf5 32. Ba4 Ne7 33. Bc2 Nf5 34. Ba4 Ne7 35. c5 Rd3 36. Bb3+ Kf8 37. Bc4 Rd1+ 38. Re1 Rxc1 39. Rxc1 Nd5 40. Bd2 Ke7 41. Re1 Ke6 42. a4 Kf5 43. Bf1 Ke6 44. f4 Ne7 45. Bc4+ Kf5 46. Bc3 Nd5 47. Bf1 g5 48. Bd3+ Ke6 49. Bc4 gxf4 50. gxf4 Kf5 51. Bxd5 Rxd5 52. fxe5 Bxe5 53. Bxe5 fxe5 54. Rc1 Rd4 55. Rb1 Rc4 56. Kf2 Ke4 57. Rb3 Rc2+ 58. Kg3 Kd4 59. h4 e4 60. Kf4 Rf2+ 61. Kg3 Rf7 62. b5 Kxc5 63. Rc3+ Kd4 64. Rxc6 e3 65. Re6 Kd3 66. Rd6+ Kc2 67. Rc6+ Kd1 68. Rd6+ Ke1 69. b6 axb6 70. Rxb6 e2 71. Kg2 Rf2+ 72. Kg3 Kf1 0-1

[Event "Ruhrgebiet Regionalliga 1112"]
[Site "Nordrheinwestfalen"]
[Date "2011.12.18"]
[Round "5.1"]
[White "Schuetze, Andre"]
[Black "Bee, Marcus"]
[Result "1/2-1/2"]
[WhiteElo "2104"]
[BlackElo "2191"]
[PlyCount "34"]
[EventDate "2011.09.25"]
[EventType "team-tourn"]
[EventRounds "9"]
[EventCountry "GER"]
[SourceTitle "EXT 2020"]
[Source "ChessBase"]
[SourceDate "2019.10.17"]
[SourceVersion "1"]
[SourceVersionDate "2019.10.17"]
[SourceQuality "1"]
[WhiteTeam "Horst Emscher"]
[BlackTeam "Holsterhausen SK"]
[WhiteTeamCountry "GER"]
[BlackTeamCountry "GER"]

1. d4 d6 2. c4 e5 3. Nf3 e4 4. Nfd2 f5 5. e3 Nf6 6. Nc3 Be7 7. Be2 0-0 8. b3 c6 9. Bb2 Na6 10. a3 Nc7 11. Qc2 d5 12. cxd5 Ncxd5 13. g3 Nxc3 14. Bxc3 Be6 15. Bc4 Bd5 16. a4 Rc8 17. b4 Bxc4 1/2-1/2

[Event "Siebenlehn op 11th"]
[Site "Siebenlehn"]
[Date "2010.12.28"]
[Round "4"]
[White "Schuetze, Andre"]
[Black "Liedmann, Hans Joerg"]
[Result "1-0"]
[WhiteElo "2061"]
[BlackElo "1897"]
[PlyCount "59"]
[EventDate "2010.12.27"]
[EventType "swiss"]
[EventRounds "7"]
[EventCountry "GER"]
[SourceTitle "EXT 2012"]
[Source "ChessBase"]
[SourceDate "2011.11.24"]
[SourceVersion "1"]
[SourceVersionDate "2011.11.24"]
[SourceQuality "1"]

1. c4 Nf6 2. Nc3 e5 3. Nf3 Nc6 4. g3 d6 5. Bg2 Be7 6. d4 exd4 7. Nxd4 Nxd4 8. Qxd4 c6 9. 0-0 Qb6 10. Qd3 Bg4 11. Be3 Qc7 12. h3 Bh5 13. f4 g5 14. fxg5 Bg6 15. Qd4 c5 16. Nd5 0-0-0 17. gxf6 cxd4 18. Nxc7 Bf8 19. Bxd4 Kxc7 20. Rac1 Bh6 21. e3 Rhe8 22. Kf2 b6 23. Bd5 Rd7 24. Kf3 Bf5 25. e4 Be6 26. Rc3 Bg5 27. Kg2 Bxd5 28. cxd5+ Kb7 29. Rf5 Bh6 30. Rh5 1-0

[Event "Ruhrgebiet VL1 0910"]
[Site "Germany"]
[Date "2010.02.21"]
[Round "7.4"]
[White "Boehmfeldt, Rolf"]
[Black "Schuetze, Andre"]
[Result "0-1"]
[WhiteElo "1883"]
[BlackElo "2061"]
[PlyCount "94"]
[EventDate "2009.09.06"]
[EventType "team-tourn"]
[EventRounds "9"]
[EventCountry "GER"]
[SourceTitle "EXT 2011"]
[Source "ChessBase"]
[SourceDate "2010.11.26"]
[SourceVersion "1"]
[SourceVersionDate "2010.11.26"]
[SourceQuality "1"]
[WhiteTeam "Buer"]
[BlackTeam "Horst Emscher"]
[WhiteTeamCountry "GER"]
[BlackTeamCountry "GER"]

1. Nf3 c5 2. e3 Nf6 3. Be2 g6 4. 0-0 Bg7 5. d4 b6 6. b3 0-0 7. Bb2 e6 8. Nbd2 Bb7 9. Rc1 d5 10. Ne5 Nfd7 11. f4 Nc6 12. Bf3 Rc8 13. c3 Qe7 14. Ba3 Rfd8 15. Qe2 Ndxe5 16. dxe5 a6 17. Rfd1 Rd7 18. g3 Qd8 19. Qg2 Ne7 20. g4 b5 21. Bb2 Qb6 22. Qf2 a5 23. a3 Rcd8 24. h3 Nc6 25. Kg2 Bf8 26. h4 b4 27. axb4 cxb4 28. c4 Bc5 29. cxd5 Bxe3 30. Nc4 Bxf2 31. Nxb6 Bxb6 32. dxc6 Rxd1 33. Rxd1 Rxd1 34. Bxd1 Bxc6+ 35. Bf3 Bb5 36. f5 Bd3 37. fxe6 fxe6 38. Bc6 Kf7 39. g5 Bc2 40. Ba4 Bd1 41. Kf1 Bf3 42. Bb5 Ke7 43. Be2 Bd5 44. Bd1 Be4 45. Ke2 Bc5 46. Bc1 Kd7 47. Be3 Kc6 0-1

[Event "Ruhrgebiet VL1 0910"]
[Site "Germany"]
[Date "2009.12.06"]
[Round "4.4"]
[White "Schuetze, Andre"]
[Black "Jaring, Thorsten"]
[Result "1-0"]
[WhiteElo "2061"]
[BlackElo "1950"]
[PlyCount "57"]
[EventDate "2009.09.06"]
[EventType "team-tourn"]
[EventRounds "9"]
[EventCountry "GER"]
[SourceTitle "EXT 2011"]
[Source "ChessBase"]
[SourceDate "2010.11.26"]
[SourceVersion "1"]
[SourceVersionDate "2010.11.26"]
[SourceQuality "1"]
[WhiteTeam "Horst Emscher"]
[BlackTeam "Laeufer Ost"]
[WhiteTeamCountry "GER"]
[BlackTeamCountry "GER"]

1. Nf3 Nc6 2. c4 e5 3. Nc3 Nf6 4. g3 Bb4 5. Bg2 0-0 6. 0-0 Re8 7. Qc2 d6 8. a3 Bxc3 9. Qxc3 Bg4 10. Re1 Qd7 11. b4 Ne4 12. Qc2 f5 13. Bb2 Nf6 14. b5 Nd8 15. Qb3 Bxf3 16. Bxf3 c6 17. e3 Rc8 18. d3 Nf7 19. a4 Ng5 20. Bg2 f4 21. exf4 Nh3+ 22. Kf1 Ng4 23. Bxh3 exf4 24. Kg1 Qf5 25. f3 fxg3 26. Bxg4 gxh2+ 27. Kh1 Qf7 28. Qc3 h5 29. Bxh5 1-0

[Event "Ruhrgebiet VL1 0910"]
[Site "Germany"]
[Date "2009.09.06"]
[Round "1.4"]
[White "Huettemann, Karl Heinz"]
[Black "Schuetze, Andre"]
[Result "1-0"]
[WhiteElo "2249"]
[BlackElo "2061"]
[PlyCount "63"]
[EventDate "2009.09.06"]
[EventType "team-tourn"]
[EventRounds "9"]
[EventCountry "GER"]
[SourceTitle "EXT 2011"]
[Source "ChessBase"]
[SourceDate "2010.11.26"]
[SourceVersion "1"]
[SourceVersionDate "2010.11.26"]
[SourceQuality "1"]
[WhiteTeam "Dortmund"]
[BlackTeam "Horst Emscher"]
[WhiteTeamCountry "GER"]
[BlackTeamCountry "GER"]

1. c4 e5 2. Nc3 Nf6 3. Nf3 Nc6 4. g3 Bb4 5. Bg2 0-0 6. 0-0 e4 7. Ng5 Bxc3 8. bxc3 Re8 9. d3 exd3 10. exd3 Ne5 11. Nf3 Ng6 12. a4 a5 13. c5 d6 14. cxd6 Qxd6 15. Ba3 Qa6 16. Ng5 h6 17. Ne4 Nxe4 18. Bxe4 Bh3 19. Re1 Rad8 20. Qh5 Qe6 21. Re3 Qd7 22. d4 Bg4 23. Qb5 c6 24. Qc4 Nf4 25. gxf4 Rxe4 26. Rxe4 Bf3 27. Re7 Qg4+ 28. Kf1 Rd5 29. Ke1 Qxf4 30. Re8+ Kh7 31. Qd3+ g6 32. Qe3 1-0

[Event "Ruhrgebiet VK2 0405"]
[Site "Ruhrgebiet"]
[Date "2005.01.30"]
[Round "6.3"]
[White "Happe, Ulrich"]
[Black "Schuetze, Andre"]
[Result "1-0"]
[WhiteElo "2049"]
[BlackElo "1999"]
[PlyCount "81"]
[EventDate "2004.09.12"]
[EventType "team"]
[EventRounds "9"]
[EventCountry "GER"]
[SourceTitle "EXT 2006"]
[Source "ChessBase"]
[SourceDate "2005.11.24"]
[SourceVersion "1"]
[SourceVersionDate "2005.11.24"]
[SourceQuality "1"]
[WhiteTeam "Rochade Steele/Kray"]
[BlackTeam "Horst II"]
[WhiteTeamCountry "GER"]
[BlackTeamCountry "GER"]

1. e4 c5 2. Nf3 Nc6 3. d4 cxd4 4. Nxd4 Nf6 5. Nc3 e6 6. Ndb5 d6 7. Bf4 e5 8. Bg5 a6 9. Na3 b5 10. Nd5 Be7 11. Bxf6 Bxf6 12. c3 0-0 13. Nc2 Bg5 14. a4 Rb8 15. axb5 axb5 16. Be2 f5 17. exf5 Bxf5 18. 0-0 Ne7 19. Ncb4 Qd7 20. Ra6 Rfc8 21. Nxe7+ Bxe7 22. Nc6 Rxc6 23. Qd5+ Be6 24. Qxc6 Qxc6 25. Rxc6 Kf7 26. Ra1 Rb7 27. Raa6 Bc4 28. Bxc4+ bxc4 29. Rxc4 Rxb2 30. g3 Rb7 31. Rcc6 d5 32. Ra5 Rd7 33. Kf1 Bf6 34. f3 Rd8 35. Ke2 Rd7 36. h4 e4 37. fxe4 dxe4 38. h5 h6 39. g4 Rd3 40. Ra7+ Kg8 41. Rc8+ 1-0

[Event "Ruhrgebiet VL2 0304"]
[Site "Ruhrgebiet"]
[Date "2004.02.08"]
[Round "6.8"]
[White "Mathea, Marc"]
[Black "Schuetze, Andre"]
[Result "1/2-1/2"]
[WhiteElo "1952"]
[BlackElo "1898"]
[PlyCount "40"]
[EventDate "2003.09.28"]
[EventType "team"]
[EventRounds "9"]
[EventCountry "GER"]
[SourceTitle "EXT 2007"]
[Source "ChessBase"]
[SourceDate "2006.11.23"]
[SourceVersion "1"]
[SourceVersionDate "2006.11.23"]
[SourceQuality "1"]
[WhiteTeam "Recklinghausen Sued"]
[BlackTeam "Horst"]
[WhiteTeamCountry "GER"]
[BlackTeamCountry "GER"]

1. e4 c5 2. Nf3 Nc6 3. d4 cxd4 4. Nxd4 Nf6 5. Nc3 e6 6. Bc4 Bb4 7. 0-0 0-0 8. Re1 d5 9. Nxc6 bxc6 10. exd5 exd5 11. Bd3 Bg4 12. f3 Bh5 13. a3 Bd6 14. g3 Qd7 15. Kg2 Bg6 16. Be3 Nh5 17. Bxg6 hxg6 18. Qd3 Rfe8 19. Bf2 Nf6 20. Na4 Rab8 1/2-1/2

[Event "DLM U20"]
[Site "Werfen"]
[Date "2002.07.30"]
[Round "3.4"]
[White "Bruedigam, Martin"]
[Black "Schuetze, Andre"]
[Result "1/2-1/2"]
[WhiteElo "1871"]
[BlackElo "2059"]
[PlyCount "96"]
[EventDate "2002.07.28"]
[EventType "team-swiss"]
[EventRounds "7"]
[EventCountry "GER"]
[SourceTitle "CBM 089 Extra"]
[Source "ChessBase"]
[SourceDate "2002.09.10"]
[SourceVersion "2"]
[SourceVersionDate "2002.09.10"]
[SourceQuality "1"]

1. e4 c5 2. Nf3 Nc6 3. d4 cxd4 4. Nxd4 Nf6 5. Nc3 e6 6. Bg5 Be7 7. Qd2 h6 8. Be3 Bb4 9. f3 d5 10. Bb5 Bd7 11. 0-0 e5 12. exd5 exd4 13. dxc6 bxc6 14. Qxd4 Bxc3 15. Qxc3 cxb5 16. Bc5 Rc8 17. f4 Rxc5 18. Qxc5 Qb6 19. Qxb6 axb6 20. Rfe1+ Kd8 21. Red1 Kc7 22. Rd4 Re8 23. Rad1 Re2 24. R1d2 Re3 25. c4 h5 26. h3 b4 27. Kf2 Re8 28. Re2 Rxe2+ 29. Kxe2 Kc6 30. b3 Kc5 31. Ke3 Bf5 32. Rd8 Nd7 33. Rc8+ Kd6 34. Kd4 Bb1 35. Ra8 Nc5 36. Ke3 Kc7 37. Ra7+ Kb8 38. Rxf7 Bxa2 39. Rxg7 Bxb3 40. Rg8+ Kb7 41. f5 Bxc4 42. Rg7+ Kc6 43. f6 b3 44. f7 Nd7 45. Kd2 Kd6 46. g4 hxg4 47. hxg4 Nf8 48. g5 Ke7 1/2-1/2

[Event "Essen Werden 4th"]
[Site "Essen"]
[Date "2002.07.28"]
[Round "3"]
[White "Schuetze, Andre"]
[Black "Rohsiepe, Sebastian"]
[Result "1-0"]
[WhiteElo "1963"]
[BlackElo "1627"]
[PlyCount "53"]
[EventDate "2002.07.??"]
[EventType "tourn"]
[EventRounds "7"]
[EventCountry "GER"]
[SourceTitle "EXT 2006"]
[Source "ChessBase"]
[SourceDate "2005.11.24"]
[SourceVersion "1"]
[SourceVersionDate "2005.11.24"]
[SourceQuality "1"]

1. c4 e5 2. Nc3 Nf6 3. g3 Nc6 4. Bg2 Be7 5. d3 d6 6. Nf3 0-0 7. 0-0 Bg4 8. Rb1 a6 9. b4 Re8 10. a4 Rb8 11. Be3 d5 12. b5 axb5 13. axb5 d4 14. bxc6 dxe3 15. Nxe5 exf2+ 16. Kh1 b6 17. Ne4 Qd4 18. Nxf6+ Bxf6 19. Nxg4 Qxg4 20. Rxf2 h5 21. Qf1 Qg5 22. Bd5 Qe3 23. Rxf6 gxf6 24. Qxf6 Qe7 25. Qg6+ Kh8 26. Qh6+ Kg8 27. Rf1 1-0

[Event "Ruhrgebiet-ch U18"]
[Site "Muelheim"]
[Date "2002.03.24"]
[Round "3"]
[White "Schnelle, Meinhard"]
[Black "Schuetze, Andre"]
[Result "1/2-1/2"]
[WhiteElo "1676"]
[BlackElo "2059"]
[PlyCount "30"]
[EventDate "2002.??.??"]
[EventType "tourn"]
[EventRounds "7"]
[EventCountry "GER"]
[SourceTitle "EXT 2003"]
[Source "ChessBase"]
[SourceDate "2002.11.25"]
[SourceVersion "1"]
[SourceVersionDate "2002.11.25"]
[SourceQuality "1"]

1. d4 Nf6 2. Nf3 e6 3. e3 c5 4. Bd3 Nc6 5. a3 b6 6. 0-0 Bb7 7. Nbd2 cxd4 8. exd4 Be7 9. c3 0-0 10. Qe2 d6 11. Ne4 e5 12. dxe5 dxe5 13. Nxf6+ Bxf6 14. Be4 Re8 15. Re1 Qe7 1/2-1/2